[Event "Brno op 4th"]
[Site "Brno"]
[Date "2013.11.18"]
[Round "4"]
[White "Kearns, Christopher"]
[Black "Pultorak, Jan"]
[Result "1-0"]
[WhiteElo "2158"]
[BlackElo "1908"]
[PlyCount "63"]
[EventDate "2013.11.16"]
[EventType "swiss"]
[EventRounds "9"]
[EventCountry "CZE"]
[SourceTitle "CBM 157 Extra"]
[Source "ChessBase"]
[SourceDate "2013.12.19"]
[SourceVersion "1"]
[SourceVersionDate "2013.12.19"]
[SourceQuality "1"]

1. e4 c5 2. Nf3 Nc6 3. d4 cxd4 4. Nxd4 Qb6 5. Nb3 Nf6 6. Nc3 e6 7. Qe2 Bb4 8. Bd2 0-0 9. 0-0-0 a6 10. g4 d5 11. e5 Bxc3 12. Bxc3 Ne4 13. Be1 a5 14. Nd2 Nxd2 15. Bxd2 Qc7 16. Bc3 b6 17. f4 Ba6 18. Qe3 Bxf1 19. Rhxf1 Rfc8 20. Rf2 b5 21. f5 Nb4 22. Kb1 d4 23. Rxd4 Nd5 24. Rxd5 exd5 25. f6 Qc5 26. Bd4 Qf8 27. e6 fxe6 28. f7+ Kh8 29. Qe5 Ra6 30. Qxg7+ Qxg7 31. f8Q+ Rxf8 32. Rxf8# 1-0

[Event "Brno op 4th"]
[Site "Brno"]
[Date "2013.11.17"]
[Round "2"]
[White "Kearns, Christopher"]
[Black "Veznik, Michael"]
[Result "1-0"]
[WhiteElo "2158"]
[BlackElo "1874"]
[PlyCount "81"]
[EventDate "2013.11.16"]
[EventType "swiss"]
[EventRounds "9"]
[EventCountry "CZE"]
[SourceTitle "CBM 157 Extra"]
[Source "ChessBase"]
[SourceDate "2013.12.19"]
[SourceVersion "1"]
[SourceVersionDate "2013.12.19"]
[SourceQuality "1"]

1. e4 c5 2. Nf3 Nc6 3. d4 cxd4 4. Nxd4 g6 5. Nc3 Bg7 6. Be3 Nf6 7. Nxc6 bxc6 8. e5 Ng8 9. Bd4 f6 10. exf6 Nxf6 11. Be2 Qa5 12. 0-0 0-0 13. Re1 d5 14. Bf3 e6 15. a3 c5 16. Bxf6 Bxf6 17. Nxd5 Rb8 18. Nxf6+ Rxf6 19. Qd6 Qb5 20. b3 Bd7 21. Rad1 Rf7 22. Re5 Rc8 23. h4 a5 24. a4 Qb4 25. Qa6 Rcf8 26. Re4 Qc3 27. Qc4 Rxf3 28. gxf3 Qxf3 29. Qe2 Qf7 30. Rd6 Bc8 31. Rg4 e5 32. Rg5 Bf5 33. Qc4 Qxc4 34. bxc4 Bxc2 35. Ra6 Rf4 36. Rxa5 Rxc4 37. Rxe5 Rg4+ 38. Kf1 Rxh4 39. Ra7 Bxa4 40. Rxc5 Rf4 41. Rc8+ 1-0

[Event "Hessenliga 1314"]
[Site "Germany"]
[Date "2013.10.20"]
[Round "2.5"]
[White "Kearns, Christopher"]
[Black "Reisch, Stefan"]
[Result "1-0"]
[WhiteElo "2158"]
[BlackElo "2187"]
[PlyCount "63"]
[EventDate "2013.09.29"]
[EventType "team-tourn"]
[EventRounds "9"]
[EventCountry "GER"]
[SourceTitle "EXT 2015"]
[Source "ChessBase"]
[SourceDate "2014.11.20"]
[SourceVersion "1"]
[SourceVersionDate "2014.11.20"]
[SourceQuality "1"]
[WhiteTeam "Korbach"]
[BlackTeam "Langen"]
[WhiteTeamCountry "GER"]
[BlackTeamCountry "GER"]

1. e4 c5 2. Nf3 d6 3. d4 cxd4 4. Nxd4 Nf6 5. Nc3 a6 6. Rg1 b5 7. g4 Bb7 8. g5 Nxe4 9. Nxe4 Bxe4 10. Qg4 Bb7 11. Bg2 Bxg2 12. Qxg2 Nd7 13. g6 e6 14. gxf7+ Kxf7 15. Qe4 Qe8 16. Rg3 Rc8 17. Bg5 Rc5 18. 0-0-0 Re5 19. Qb7 Kg8 20. Rdg1 h6 21. Bf6 Rh7 22. Bxe5 dxe5 23. Nf3 Nc5 24. Qc7 Qh5 25. Qxe5 Qxe5 26. Nxe5 g5 27. f4 Ne4 28. Rd3 Bd6 29. Re1 Bxe5 30. fxe5 Nc5 31. Rd8+ Kg7 32. b4 1-0

[Event "Pardubice Czech op-A 24th"]
[Site "Pardubice"]
[Date "2013.07.23"]
[Round "5"]
[White "Stromboli, Ettore"]
[Black "Kearns, Christopher"]
[Result "1/2-1/2"]
[WhiteElo "2335"]
[BlackElo "2129"]
[PlyCount "90"]
[EventDate "2013.07.19"]
[EventType "swiss"]
[EventRounds "9"]
[EventCountry "CZE"]
[SourceTitle "CBM 155 Extra"]
[Source "ChessBase"]
[SourceDate "2013.08.26"]
[SourceVersion "1"]
[SourceVersionDate "2013.08.26"]
[SourceQuality "1"]

1. e4 c5 2. Nf3 Nc6 3. d4 cxd4 4. Nxd4 Nf6 5. Nc3 e6 6. Ndb5 Bc5 7. Nd6+ Ke7 8. Nxc8+ Rxc8 9. Be2 Bb4 10. Bd2 d5 11. exd5 Nxd5 12. Nxd5+ Qxd5 13. c3 Rhd8 14. Bf3 Qe5+ 15. Qe2 Bc5 16. Rd1 Qxe2+ 17. Bxe2 h6 18. 0-0 Rd7 19. Bc1 Rcd8 20. Rfe1 Rxd1 21. Rxd1 Rxd1+ 22. Bxd1 f5 23. Bc2 Ne5 24. h3 g5 25. Kf1 Kf6 26. Ke2 Ng6 27. g3 h5 28. b4 Bd6 29. Be3 b6 30. Bd2 h4 31. Be1 Bc7 32. a4 Bd6 33. Kf1 Ne5 34. Kg2 g4 35. Bd2 gxh3+ 36. Kxh3 hxg3 37. fxg3 Nc4 38. Bc1 Be5 39. Bd3 Nd6 40. Bd2 Ne8 41. Kg2 Nc7 42. Kf3 Bd6 43. c4 e5 44. Bc3 Kg5 45. Bd2+ Kf6 1/2-1/2

[Event "Pardubice Czech op-A 24th"]
[Site "Pardubice"]
[Date "2013.07.22"]
[Round "4"]
[White "Kearns, Christopher"]
[Black "Kokol, Peter"]
[Result "1-0"]
[WhiteElo "2129"]
[BlackElo "2260"]
[PlyCount "105"]
[EventDate "2013.07.19"]
[EventType "swiss"]
[EventRounds "9"]
[EventCountry "CZE"]
[SourceTitle "CBM 155 Extra"]
[Source "ChessBase"]
[SourceDate "2013.08.26"]
[SourceVersion "1"]
[SourceVersionDate "2013.08.26"]
[SourceQuality "1"]

1. e4 c5 2. Nf3 Nc6 3. d4 cxd4 4. Nxd4 Nf6 5. Nc3 d6 6. Bg5 e6 7. Qd2 a6 8. 0-0-0 Bd7 9. f4 b5 10. Bxf6 gxf6 11. Kb1 Qb6 12. Nxc6 Bxc6 13. f5 b4 14. Ne2 e5 15. Ng3 h5 16. Be2 h4 17. Nh5 Be7 18. Bf3 Rc8 19. g4 Qc5 20. Rc1 Ba4 21. c3 b3 22. a3 Bb5 23. Rcd1 Rc6 24. Qe1 Kd8 25. Rd5 Qb6 26. Rd2 Kc7 27. Qxh4 Kb7 28. Qf2 Qa5 29. Rd5 Qa4 30. Qe3 Bd8 31. Rhd1 Bb6 32. Qd2 Bc5 33. Nxf6 Bc4 34. g5 Bxd5 35. Nxd5 Ka7 36. g6 fxg6 37. fxg6 Rcc8 38. Ne7 Qd7 39. Nxc8+ Qxc8 40. Qd5 Qb7 41. Qxb7+ Kxb7 42. h4 Kc7 43. Bg4 Be3 44. Be6 Bh6 45. Bxb3 Rf8 46. Rg1 Bg7 47. h5 Rh8 48. Rf1 Rf8 49. Bf7 Kd7 50. b4 Kc6 51. Kb2 Kb6 52. Kb3 Bh6 53. Rg1 1-0

[Event "Hessen-ch Master op"]
[Site "Korbach"]
[Date "2013.03.29"]
[Round "5"]
[White "Cordes, Hans Joerg"]
[Black "Kearns, Christopher"]
[Result "1/2-1/2"]
[WhiteElo "2289"]
[BlackElo "2134"]
[PlyCount "38"]
[EventDate "2013.03.27"]
[EventType "swiss"]
[EventRounds "7"]
[EventCountry "GER"]
[SourceTitle "CBM 153 Extra"]
[Source "ChessBase"]
[SourceDate "2013.04.22"]
[SourceVersion "1"]
[SourceVersionDate "2013.04.22"]
[SourceQuality "1"]

1. d4 Nf6 2. Nf3 e6 3. g3 b5 4. Bg2 Bb7 5. 0-0 c5 6. c3 Be7 7. Qd3 Qb6 8. Nbd2 d6 9. e4 Nbd7 10. Re1 0-0 11. e5 dxe5 12. dxe5 c4 13. Qe2 Nd5 14. Nd4 Nc5 15. Qh5 Nd3 16. Re2 N5f4 17. gxf4 Bxg2 18. N2f3 Bxf3 19. Qxf3 Bc5 1/2-1/2

[Event "Kaiserbrunnen Winter op"]
[Site "Brakel"]
[Date "2013.01.21"]
[Round "4"]
[White "Kearns, Christopher"]
[Black "Rueggeberg, Jan"]
[Result "1-0"]
[WhiteElo "2123"]
[BlackElo "1880"]
[PlyCount "67"]
[EventDate "2013.01.21"]
[EventType "swiss"]
[EventRounds "5"]
[EventCountry "GER"]
[SourceTitle "EXT 2023"]
[Source "ChessBase"]
[SourceDate "2022.10.05"]
[SourceVersion "1"]
[SourceVersionDate "2022.10.05"]
[SourceQuality "1"]

1. e4 b6 2. d4 Bb7 3. Bd3 Nc6 4. c3 e5 5. d5 Nce7 6. Nf3 Ng6 7. Be3 Nf6 8. h3 Bc5 9. Nbd2 0-0 10. Bxc5 bxc5 11. g3 Re8 12. 0-0 Rb8 13. Qa4 Nh5 14. Kh2 Nhf4 15. gxf4 Nxf4 16. Qc2 Bc8 17. Rg1 Rb6 18. Rg3 Rh6 19. Rag1 d6 20. Bf1 Bxh3 21. Rxh3 Nxh3 22. Bxh3 Qf6 23. Rg3 Qf4 24. Kg2 Rh5 25. Qd3 f5 26. Qe3 Qxe3 27. fxe3 f4 28. exf4 exf4 29. Rg4 Rf8 30. Ng5 f3+ 31. Ndxf3 h6 32. Ne6 Rxf3 33. Rxg7+ Kh8 34. Bg4 1-0

[Event "Korbach 1st"]
[Site "Korbach"]
[Date "2012.12.16"]
[Round "11"]
[White "Kearns, Christopher"]
[Black "Gutman, Lev"]
[Result "1/2-1/2"]
[WhiteElo "2103"]
[BlackElo "2498"]
[PlyCount "57"]
[EventDate "2012.12.10"]
[EventType "tourn"]
[EventRounds "11"]
[EventCountry "GER"]
[EventCategory "6"]
[SourceTitle "EXT 2014"]
[Source "ChessBase"]
[SourceDate "2013.11.20"]
[SourceVersion "1"]
[SourceVersionDate "2013.11.20"]
[SourceQuality "1"]

1. e4 c5 2. Nf3 d6 3. d4 cxd4 4. Nxd4 Nf6 5. Nc3 a6 6. Rg1 e5 7. Nb3 Be6 8. g4 Be7 9. g5 Nfd7 10. Be3 Nb6 11. Bxb6 Qxb6 12. Nd5 Qd8 13. h4 Nd7 14. Qd2 Rc8 15. 0-0-0 Bxd5 16. Qxd5 Qc7 17. c3 Nb6 18. Qd3 0-0 19. Bh3 Rcd8 20. h5 d5 21. g6 fxg6 22. exd5 Rxf2 23. Be6+ Kh8 24. hxg6 h6 25. Qg3 Rf4 26. Rh1 Bf6 27. Rh5 Qe7 28. Rdh1 Qf8 29. Nd4 1/2-1/2